000 00677nam a2200289Ia 4500
005 20260324114117.0
008 008 260324s9999 xx 000 0 eng d
020 _a9781003391357
037 _aEBOOK
040 _aCRL
040 _beng
040 _cCRL
041 _2eng
041 _aeng
084 _qCRL
100 _aSilvano Donati
_91106534
245 0 _aPhotonic Instrumentation
245 0 _bSensing and Measuring with Lasers
260 _bTaylor and Francis
260 _c2023
365 _a
365 _b240
856 _uhttp://www.taylorfrancis.com/books/9781003391357
942 _cEBOOK
999 _c1739474
_d1739474